Central Library OPAC University of Rajshahi

The scourge of villanie, 1599 / (Record no. 77269)

MARC details
000 -LEADER
fixed length control field 00967nam a2200289 a 4500
001 - CONTROL NUMBER
control field 77269
003 - CONTROL NUMBER IDENTIFIER
rucl marc code BD-RjUL
005 - DATE AND TIME OF LATEST TRANSACTION
control field 20211209082943.0
008 - FIXED-LENGTH DATA ELEMENTS--GENERAL INFORMATION
fixed length control field 050606r19661922nyu 000 1 eng
035 ## - SYSTEM CONTROL NUMBER
System control number (BD-RjUL)77494
040 ## - CATALOGING SOURCE
Original cataloging agency DLC
Transcribing agency DLC
Modifying agency DLC
-- BD-RjUL
Language of cataloging eng
041 ## - LANGUAGE CODE
Language code of text/sound track or separate title eng
082 0# - DEWEY DECIMAL CLASSIFICATION NUMBER
Classification number 827.3
Author mark and year MAS 1966
100 1# - MAIN ENTRY--PERSONAL NAME
Personal name Marston, John,
Dates associated with a name 1575?-1634.
9 (RLIN) 240573
245 14 - TITLE STATEMENT
Title The scourge of villanie, 1599 /
Statement of responsibility, etc. Edited by G.B. Harrison.
260 ## - PUBLICATION, DISTRIBUTION, ETC. (IMPRINT)
Place of publication, distribution, etc. Edinburgh :
Name of publisher, distributor, etc. Univ. Press,
Date of publication, distribution, etc. 1966.
300 ## - PHYSICAL DESCRIPTION
Pagination xiii, 126 p.;
Size 19 cm.
500 ## - GENERAL NOTE
General note Includes facsim. of the original t.p.
General note Text of the 2d ed., 1599.
General note Reprint of the ed. originally published in 1925.
650 #0 - SUBJECT ADDED ENTRY--TOPICAL TERM
Topical term or geographic name as entry element Crime
Geographic subdivision England.
9 (RLIN) 240575
651 #0 - SUBJECT ADDED ENTRY--GEOGRAPHIC NAME
Geographic name London (England)
General subdivision Social life and customs.
9 (RLIN) 240576
700 1# - ADDED ENTRY--PERSONAL NAME
Personal name Harrison, G. B.
Fuller form of name (George Bagshawe),
Dates associated with a name 1894-1991,
942 ## - ADDED ENTRY ELEMENTS (KOHA)
Source of classification or shelving scheme Dewey Decimal Classification
Koha item type Books
Holdings
Lost status Source of classification or shelving scheme Damaged status Not for loan Collection code Permanent Location Current Location Shelving location Date acquired Source of acquisition Cost, normal purchase price Total Checkouts Full call number Date last seen Copy number Koha item type
  Dewey Decimal Classification   Not For Loan Non-fiction Central Library, University of Rajshahi Central Library, University of Rajshahi Reading Room 24/06/1968 Swets & Zeitlinger 21.00   827.3 MAS 1966 09/03/2020 C-1 Books